Govt. of
Madhya Pradesh

NDA/NA National Defence Academy Naval Acadamy Examination (Record no. 32790)

MARC details
000 -LEADER
fixed length control field 003530000a22001450004500
003 - CONTROL NUMBER IDENTIFIER
control field MACL
040 ## - CATALOGING SOURCE
Original cataloging agency MACL
090 ## - LOCALLY ASSIGNED LC-TYPE CALL NUMBER (OCLC); LOCAL CALL NUMBER (RLIN)
-- 33132
-- 33130
100 ## - MAIN ENTRY--PERSONAL NAME
Personal name Khanna, Sharma
245 ## - TITLE STATEMENT
Title NDA/NA National Defence Academy Naval Acadamy Examination
260 ## - PUBLICATION, DISTRIBUTION, ETC. (IMPRINT)
Name of publisher, distributor, etc. Kumar Publications
Date of publication, distribution, etc. 2002
350 ## - PRICE (NR) (BK AM CF MU VM SE) [OBSOLETE]
Price 190
650 ## - SUBJECT ADDED ENTRY--TOPICAL TERM
Topical term or geographic name as entry element Militery Science
942 ## - ADDED ENTRY ELEMENTS (KOHA)
Koha item type Library Membar
Call number prefix 355.6/SHA
Holdings
Withdrawn status Lost status Damaged status Not for loan Home library Current library Date acquired Total Checkouts Full call number Barcode Date last seen Uniform Resource Identifier Price effective from Koha item type
        MACL MACL 15/04/2015   355.6/SHA BOOK CLC1062 29/04/2015 32846 15/04/2015 Books